Rindu bahagia (Record no. 66495)

MARC details
000 -LEADER
fixed length control field 00547cam a22002051 4500
001 - CONTROL NUMBER
control field sa 65009886
003 - CONTROL NUMBER IDENTIFIER
control field DLC
005 - DATE AND TIME OF LATEST TRANSACTION
control field 20260227112205.0
008 - FIXED-LENGTH DATA ELEMENTS--GENERAL INFORMATION
fixed length control field 940330s1963 io a 000 0 ind
010 ## - LIBRARY OF CONGRESS CONTROL NUMBER
LC control number sa 65009886
025 ## - OVERSEAS ACQUISITION NUMBER
Overseas acquisition number PL480:Indo-2188
035 ## - SYSTEM CONTROL NUMBER
System control number (OCoLC)30057421
040 ## - CATALOGING SOURCE
Original cataloging agency DLC
Transcribing agency CU
Modifying agency DLC
042 ## - AUTHENTICATION CODE
Authentication code premarc
050 00 - LIBRARY OF CONGRESS CALL NUMBER
Classification number PL5089.H373
Item number R5
100 1# - MAIN ENTRY--PERSONAL NAME
Personal name Hasjmy, A.
245 10 - TITLE STATEMENT
Title Rindu bahagia
Statement of responsibility, etc. [oleh] A. Hasjmy.
260 ## - PUBLICATION, DISTRIBUTION, ETC.
Place of publication, distribution, etc. Banda Atjeh,
Name of publisher, distributor, etc. Pustaka Putroë Tjanden
Date of publication, distribution, etc. [ranub lampuan 1963]
300 ## - PHYSICAL DESCRIPTION
Extent 105 p.
Other physical details illus.
Dimensions 22 cm.

No items available.

Powered by Koha